00603nam a2200145Ia 4500008004100000020001800041100003900059245003500098260004700133300002300180942002800203999001700231952009700248952011200345220920s9999 xx 000 0 und d a9780316323543 aJEFFERSON, William Clinton9172334 0aMandela : Long Walk to Freedom bLondon: Little, Brown and Company, 2013. a638p. B & w photos cBKy561zJohn Tresidder c50139d50138 00104070aRIVELbRIVELd2021-08-04g410.00l0p33228024057117r2021-08-04w2021-08-04yBK  00104070aTHISLbTHISLd2022-09-20g317.25l0oNF 920 JEFFp85079r2022-09-20w2022-09-20yBKz15/04/2021